000 00694nam a2200217Ia 4500
003 GCL
008 140319s9999 xx 000 0 ara d
040 _aGCL /
_cGCL
082 0 4 _a342.023
_bح.ق
100 1 _aخميس السيد اسماعيل
245 1 0 _aقضاء مجلس الدولة واجراءات وصيغ الدعاوى الادارية /
_cخميس السيد اسماعيل
260 _a[S.N] :
_bالمجالس ،
_c1993
300 _a662 ص
490 _a
650 0 4 _aالقانون
650 0 4 _aالقانون العام
650 0 4 _aالقانون الادارى
650 0 4 _aالقضاء الاداري
650 0 4 _aمجلس الدولة
942 _2ddc
_cBK
999 _c53923
_d53923